The Fox and the Hound - Characters by Picture - Statistics

General Stats
  • This quiz has been taken 21 times
  • The average score is 8 of 21
Answer Stats
Picture Answer % Correct
Tod
92%
Copper
77%
Amos Slade
69%
Big Mama
69%
Chief
69%
Widow Tweed
62%
Mr. Digger
54%
Vixey
54%
Boomer
46%
Dinky
46%
Porcupine
46%
Squeeks
38%
Cash
23%
Dixie
23%
Winchell P. Bickerstaff
8%
Floyd
0%
Granny Rose
0%
Lyle Snodgrass
0%
Olivia Farmer
0%
Waylon
0%
Zelda
0%
No matching quizzes found
Score Distribution
Percent of People with Each Score
Percentile by Number Answered
Your Score History
You have not taken this quiz